Rural transport of food products in Latin America and the Caribbean : Report of the FAO/ WHO expert meeting

The agrifood transport sector in Latin America and the Caribbean is a key component of the food supply chain, making a significant contribution to gross domestic product in these countries. Well-developed, efficient food transport systems are crucial to the survival of thousands of people, and pivot...

Täydet tiedot

Tallennettuna:
Bibliografiset tiedot
Yhteisötekijä: Food and Agriculture Organization of the United Nations
Aineistotyyppi: Kirja
Kieli:Undetermined
Julkaistu: Rome, Italy Food anf Agriculture Organization of the United Nations 2008
Aiheet:
Tagit: Lisää tagi
Ei tageja, Lisää ensimmäinen tagi!
Thư viện lưu trữ: Trung tâm Học liệu Trường Đại học Cần Thơ
LEADER 01637nam a2200229Ia 4500
001 CTU_172991
008 210402s9999 xx 000 0 und d
020 |c 30 
082 |a 338.1 
082 |b F686/N.155 
110 |a Food and Agriculture Organization of the United Nations 
245 0 |a Rural transport of food products in Latin America and the Caribbean : 
245 0 |b Report of the FAO/ WHO expert meeting 
245 0 |c Food and Agriculture Organization of the United Nations 
260 |a Rome, Italy 
260 |b Food anf Agriculture Organization of the United Nations 
260 |c 2008 
520 |a The agrifood transport sector in Latin America and the Caribbean is a key component of the food supply chain, making a significant contribution to gross domestic product in these countries. Well-developed, efficient food transport systems are crucial to the survival of thousands of people, and pivotal to the success or failure of key economic sectors such as agriculture and other major national and international commercial activities. This publication presents a detailed study of problems encountered, covering seventeen countries. The study focuses primarily on stumbling-blocks faced by small farmers, and suggests possible policy and programme interventions to improve the situation in the neediest areas, with repercussions for the population as a whole. (Also published in Spanish) 
650 |a Rural transportation,Economics,Giao thông nông thôn,Kinh tế 
650 |z Latin America,Châu mỹ La tinh 
904 |i Huyen, K.Mi, N.anh 
980 |a Trung tâm Học liệu Trường Đại học Cần Thơ